000
00374 a2200121 4500
000
nam a22 7a 4500
005
20260507153532.0
020
_a
9788171381296
100
_a
मृदुला सिन्हा
_9
1238783
245
_a
मात्र देह नहीं है औरत
260
_b
सामयिक प्रकाशन
_c
2024
942
_c
TEXL
999
_c
1851122
_d
1851122